Statistiques concernant Buteurs Argentine cdm 2022

Cliquez ici pour prendre le quiz!

Statistiques générales

  • Ce quiz a été pris 88 fois
  • Le résultat moyen est 4 sur 6

Statistiques - réponses

Nmb de ButJoueurs% Correct
7Lionel Messi
100%
4Julian Alvarez
90%
1Angel Di Maria
82%
1Enzo Fernandez
66%
1Alexis Mac Allister
49%
1Nahuel Molina
40%

Distribution des résultats

Percentile par nombre de réponses

% des personnes avec chaque résultat

Votre développement - résultats

Vous n’avez pas pris ce quiz